Italian vocabulary - Nouns #2 - Statistics

General Stats
  • This quiz has been taken 112 times
  • The average score is 85 of 168
Answer Stats
Hint Answer % Correct
famiglia family
94%
carne meat|flesh
91%
professore professor|teacher
91%
centro center
88%
città city
88%
caffè coffee
88%
generale general
88%
uomo man
88%
mamma mom
88%
pagina page
88%
teatro theater
88%
elemento element
85%
musica music
85%
stazione station
85%
lingua tongue|language
85%
condizione condition
82%
ragazza girl
82%
lettera letter
82%
milione million
82%
minuto minute
82%
possibilità possibility|chance
82%
produzione production
82%
scuola school
82%
scienza science
82%
dottore doctor
79%
gruppo group
79%
interesse interest
79%
scena scene
79%
università university|college
79%
arte art
76%
piede foot
76%
nazione nation
76%
silenzio silence
76%
cat gatto
74%
presenza presence
74%
regione region
74%
servizio service
74%
treno train
74%
marito husband
71%
scala ladder|stairway|staircase|scale
71%
bocca mouth
71%
palazzo palace|building
71%
verità truth
71%
finestra window
71%
inverno winter
71%
sangue blood
68%
mezzo half|middle|means
68%
materia matter|(school) subject
68%
moment momento|attimo
68%
necessità need|necessity
68%
number numero
68%
boy ragazzo
68%
sistema system
68%
termine term|end
68%
compagno companion|partner|mate
65%
sentimento feeling
65%
speranza hope
65%
problem problema
65%
rapporto relationship|report|ratio|relation|rapport
65%
culture cultura
62%
north nord
62%
dolore pain|ache
62%
segretario secretary
62%
hotel albergo|hotel
59%
child bambino|bambina
59%
body corpo
59%
kitchen cucina
59%
daughter figlia
59%
capelli hair
59%
book libro
59%
rispetto respect
59%
nave ship
59%
discorso speech|discourse
59%
colpa fault|guilt
56%
chiave key
56%
principio principle
56%
tipo type|guy
56%
arma weapon
56%
sky cielo
53%
end fine
53%
bed letto
53%
operation operazione
53%
republic repubblica
53%
passo step|pace|passage
53%
pietra stone
53%
valore value|worth
53%
maniera way|manner
53%
church chiesa
50%
morning mattino|mattina
50%
mountain monte|montagna
50%
oggetto object
50%
help aiuto
47%
corso course
47%
corrente current|stream
47%
form forma|modulo
47%
pelle skin
47%
aunt zia
47%
class classe
44%
contact contatto
44%
intention intenzione
44%
opinion opinione
44%
lunch pranzo
44%
society società
44%
study studio
44%
secolo century
41%
exam esame
41%
phrase frase
41%
wife moglie
41%
death morte
41%
peace pace
41%
pezzo piece
41%
bridge ponte
41%
territory territorio
41%
leg gamba
38%
segno sign|mark
38%
anima soul
38%
need bisogno
35%
limit limite
35%
official ufficiale
35%
arm braccio
32%
minister ministro
32%
proposta proposal
32%
smile sorriso
32%
article articolo
29%
authority autorità
29%
crisis crisi
29%
front fronte
29%
diritto right
29%
return ritorno
29%
battle battaglia
26%
side lato
26%
wood legno|bosco
26%
civilization civiltà|civilizzazione
24%
smell odore
24%
pity pietà|pena
24%
rest resto|riposo
24%
spalla shoulder|sidekick|wingman
24%
beast bestia
21%
paper carta
21%
fatigue fatica
21%
joy gioia
21%
thought pensiero
21%
piano plan|floor
21%
revolution rivoluzione
21%
safety sicurezza
21%
bill conto|bolletta|fattura|banconota
18%
construction costruzione
18%
law legge
18%
effort sforzo
18%
look sguardo|occhiata
18%
valley valle
18%
operaio worker
18%
colpo blow|hit|shot|stroke|heist
15%
courtyard cortile
15%
hurry fretta
15%
judgement giudizio
15%
homeland patria
15%
abito dress
12%
gesture gesto
12%
meadow prato
12%
purpose scopo|proposito
12%
riva shore
12%
environment ambiente
9%
comparison confronto
9%
stretch tratto|allungamento
9%
topic argomento
6%
expense spesa
6%
mood umore
6%
No matching quizzes found
Score Distribution
Percent of People with Each Score
Percentile by Number Answered
Your Score History
You have not taken this quiz